00221 a2200109 4500001000700000020000600007040001100013100002500024240002900049245002400078362000900102180586 a  cMagnum aLutzenberger, José10aGaia o planeta vivolpor10aGaia o planeta vivo0 a1899